The later women novelists, 1744-1818.

Bibliographic Details
Main Author: MacCarthy, B. G. (Bridget G.)
Format: Book
Language:English
Published: [Cork, Ire.] : Cork Univ. Press, 1947.
Series:Her The female pen, v. 2
Subjects:

MARC

Tag First Indicator Second Indicator Subfields
LEADER 00000cam a22000005 4500
001 in00000021960
005 20151007063816.0
008 790425s1947 ie 00000 eng d
035 |a (OCoLC)04892994 
035 |9 AAD8302AM 
040 |a ZYU  |c ZYU  |d TXA  |d UtOrBLW 
049 |a TXAM  |c [404655] 
090 |a PR113  |b .M27 
092 |a 823.09  |b M123 
100 1 |a MacCarthy, B. G.  |q (Bridget G.) 
245 1 4 |a The later women novelists, 1744-1818. 
264 1 |a [Cork, Ire.] :  |b Cork Univ. Press,  |c 1947. 
300 |a 296 pages ;  |c 22 cm. 
336 |a text  |b txt  |2 rdacontent 
337 |a unmediated  |b n  |2 rdamedia 
338 |a volume  |b nc  |2 rdacarrier 
490 0 |a Her The female pen, v. 2 
650 0 |a Women authors  |z Great Britain. 
650 0 |a English fiction  |x History and criticism. 
999 |a MARS 
999 f f |s 44baef54-193e-3bea-974d-e641f86263b6  |i 6fd2c1da-c513-33e7-b757-889b4bf3fcc1  |t 0 
952 f f |p ric  |a Texas A&M University  |b Rellis Campus  |c Joint Library Facility  |d Remote Storage  |t 0  |e PR113 .M27  |h Library of Congress classification  |i unmediated -- volume  |m A14801335439 
998 f f |a PR113 .M27  |t 0  |l Remote Storage